Corporate governance / (Record no. 5238)

MARC details
000 -LEADER
fixed length control field 01024cam a2200169 a 4500
020 ## - INTERNATIONAL STANDARD BOOK NUMBER
ISBN 9780071429993 (pbk.)
020 ## - INTERNATIONAL STANDARD BOOK NUMBER
ISBN 0071429999 (pbk.)
050 00 - CALL NUMBER
Classification number HD2741
Item number .C7697
245 00 - TITLE
Title Corporate governance /
Statement of responsibility, etc John L. Colley, Jr. ... [et al.].
260 ## - PUBLICATION INFORMATION
Place of publication New York :
Name of publisher McGraw-Hill,
Year of publication c2003.
300 ## - DESCRIPTION
Number of Pages xii, 259 p. :
Other physical details ill. ; 24 cm.
500 ## - NOTES
General note Includes index
505 ## - FORMATTED CONTENTS NOTE
Table of Content Ch. 1. Capitalism, Free Enterprise, and the Corporation --<br/>Ch. 2. The Legal Obligations of Directors --<br/>Ch. 3. Board Organization --<br/>Ch. 4. Board Selection --<br/>Ch. 5. The Mystique of Board Meetings --<br/>Ch. 6. CEO Succession Planning, Selection, and Performance Appraisal --<br/>Ch. 7. CEO Compensation --<br/>Ch. 8. The Board-Management Relationship --<br/>Ch. 9. Corporate and Capital Structures --<br/>Ch. 10. Dealing with External Pressures --<br/>Ch. 11. How Directors Get into Trouble --<br/>Ch. 12. Not-for-Profit Organizations: The Differences --<br/>Ch. 13. Final Thoughts.
650 #0 - SUBJECTS
Topical Term Corporate governance.
700 1# - OTHER AUTHORS
Personal name Colley, John L.
942 ## - ADDED ENTRY ELEMENTS (KOHA)
Koha item type Books
Holdings
Withdrawn status Lost status Collection code Home library Current library Shelving location Date acquired Full call number Accession Number Koha item type
    Reference Methodist University Library Main Methodist University Library Main General Stacks 18/02/2006 HD2741 .C7697 11487 Books
Copyright © 2026  MUG Library